Loading...
History - World History | 0 | 6 | 1 | 1 | 55 | 96 | 123.50 | 0 | 1 |
Literature - British Literature | 0 | 5 | 0 | 0 | 50 | 133 | 150.00 | 0 | 1 |
History - US History | 0 | 5 | 1 | 0 | 45 | 100 | 116.40 | 0 | 0 |
Social Science | 0 | 4 | 0 | 0 | 40 | 108 | 129.75 | 0 | 1 |
Beliefs | 0 | 4 | 2 | 1 | 30 | 136 | 144.25 | 0 | 2 |
History - Other History | 0 | 4 | 2 | 1 | 30 | 98 | 117.75 | 0 | 2 |
Literature - American Literature | 0 | 3 | 0 | 1 | 30 | 122 | 133.67 | 0 | 0 |
Philosophy | 0 | 3 | 0 | 1 | 30 | 99 | 114.33 | 0 | 0 |
Literature - World Literature | 0 | 3 | 1 | 1 | 25 | 103 | 123.00 | 0 | 1 |
Fine Arts - Other Fine Arts | 1 | 0 | 0 | 0 | 15 | 39 | 39.00 | 1 | 1 |
Science - Biology | 0 | 2 | 1 | 1 | 15 | 91 | 102.50 | 0 | 0 |
Science - Physics | 0 | 1 | 0 | 0 | 10 | 156 | 156.00 | 0 | 1 |
Literature - European Literature | 0 | 1 | 0 | 0 | 10 | 113 | 113.00 | 0 | 1 |
Modern World | 0 | 1 | 0 | 0 | 10 | 93 | 93.00 | 0 | 1 |
Science - Chemistry | 0 | 1 | 0 | 1 | 10 | 129 | 129.00 | 0 | 0 |
Fine Arts - Visual Fine Arts | 0 | 1 | 0 | 0 | 10 | 135 | 135.00 | 0 | 0 |
History - European History | 0 | 3 | 5 | 0 | 5 | 97 | 118.00 | 1 | 2 |
Other Academic | 0 | 1 | 1 | 1 | 5 | 123 | 123.00 | 0 | 0 |
Science - Other Science | 0 | 0 | 0 | 0 | 0 | 0.00 | 0 | 0 | |
Fine Arts - Classical Music and Opera | 0 | 0 | 3 | 0 | -15 | 0.00 | 0 | 0 |